000 00665nam a22002177a 4500
003 UA-OsUOA
001 73154
007 ta
008 20110214b un ||||| |||| 00| 0 ukr d
100 _aБаранова В.
090 _a82
_bБ24
942 _cSA
040 _aUA-OsUOA
_bukr
_cUA-OsUOA
_dUA-OsUOA
245 _aСимволізм поеми-містерії Т.Шевченка "Великий льох"
300 _aС.6-8
955 _a0
041 _aukr
080 _a82
773 0 _w73153
_tУкраїнська мова та література
_dК.
_d2011
_g7
650 7 _a82 Література. Літературознавство
_2UDC
999 _c359432
_d359432